000 00430nam a2200181Ia 4500
001 17709
003 IN-NITTTR
005 20251114233207.0
008 251113s9999||||xx |||||||||||||| ||eng||
040 _beng
040 _cIN-NITTTR
041 _aeng
082 _a672.36 P249P
100 _aParrish, G.
245 0 _aProduction gas carburising /
_cParrish, G., Harper, G. S.
700 _a Harper, G. S.
942 _2ddc
_cBK
999 _c20343
_d20343